000
00345nam a22001577a 4500
003
OSt
008
240411b |||||||| |||| 00| 0 eng d
020
_a
9789355512031
082
_a
005.133 BOS
100
_a
BOLENOK,Alex
245
_a
SQL in 7 Days
250
_a
1st Ed
260
_a
New Delhi
_b
BPB
_c
2023
300
_a
281
942
_2
ddc
_c
BK
999
_c
12444
_d
12444